Die sechs nächstgelegenen Länder - Katar - Statistiken

Allgemein
  • Dieses Quiz wurde 74 mal gespielt
  • Das Durchschnittsergebnis liegt bei 4 aus 6
Antwortstatistiken
km Land % Korrekt
0 Saudi-Arabien
95%
31 Vereinigte Arabische Emirate
80%
1 Bahrain
77%
420 Oman
69%
379 Kuwait
62%
187 Iran
48%
Keine übereinstimmenden Quizze gefunden
Verteilung der Resultate
Anzahl Personen mit jedem Resultat
Perzentil nach korrekt beantworteten Fragen
Ihre Resultats-Entwicklung
Sie haben dieses Quiz noch nicht gespielt